000
00238nam a22001097a 4500
082
_a
م ح م
100
_a
محمد زکریا شیخ
245
_a
فضاءل رمضان
260
_a
کراچی
_c
۱۹۹۴
300
_a
۶۸
942
_c
BK
999
_c
11716
_d
11716